Major Arcana by Picture - Statistics

General Stats
  • This quiz has been taken 33 times
  • The average score is 18 of 22
Answer Stats
Picture Answer % Correct
The Fool
97%
The Devil
90%
The Lovers
90%
The Moon
90%
The Sun
90%
The Tower
90%
Death
87%
The Emperor
87%
The Hanged Man
87%
The High Priestess
87%
The Magician
87%
The Star
87%
The World
87%
The Hermit
83%
Justice
80%
The Empress
80%
Strength
77%
The Chariot
77%
The Hierophant
77%
Wheel of Fortune
77%
Judgement
70%
Temperance
70%
No matching quizzes found
Score Distribution
Percent of People with Each Score
Percentile by Number Answered
Your Score History
You have not taken this quiz